Schaum's outline of theory and problems of graph theory

Salvato in:
Dettagli Bibliografici
Autore principale: Balakrishnan, V. K., 1931
Natura: Libro
Pubblicazione: McGraw-Hill 1997
Tags: Aggiungi Tag
Nessun Tag, puoi essere il primo ad aggiungerne! !
Thư viện lưu trữ: Mạng thư viện Đại học Đà Nẵng
LEADER 00564nam a2200217 a 4500
001 000030248
003 5287
005 20171030145630.0
008 171030s1997
040 |a LTT 
082 0 |a 511.51  |b BA-V 
100 1 |a Balakrishnan, V. K., 1931 
245 0 0 |a Schaum's outline of theory and problems of graph theory  |c V. K. Balakrishnan, 1931. 
260 |b McGraw-Hill  |c 1997 
OWN |a LTT 
999 |a From the UDN01 
TYP |a Monograph 
TYP |a Printed language 
980 |a Mạng thư viện Đại học Đà Nẵng